| 000 | 00574nam a22001697a 4500 | ||
|---|---|---|---|
| 003 | OSt | ||
| 082 |
_a631.7 _bMAL/ST |
||
| 100 |
_aMalavika, V. K _94721 |
||
| 100 |
_aMoncy, S Akkara _94722 |
||
| 100 |
_aNazila, C _94723 |
||
| 100 |
_aVishnu, K. M _94724 |
||
| 245 | _aStandardization of irrigation and fertigation requirent for amaranthus under poly house | ||
| 260 |
_aTavanur _bDepartment of Soil and Water Conservation Engineering _c2020 |
||
| 700 | _aJinu, A | ||
| 856 | _uhttps://drive.google.com/file/d/1UX1pd5yL-Jl9hy0Lgp03GWzqG4QRUK0M/view?usp=sharing | ||
| 942 | _cPR | ||
| 999 |
_c16318 _d16318 |
||